| 000 | 00344nam a2200133Ia 4500 | ||
|---|---|---|---|
| 008 | 230818s1987 xx 000 0 und d | ||
| 041 | _aeng | ||
| 100 | _aNorman W. Desrosier | ||
| 245 | _aTechnology of food preservation | ||
| 260 |
_bC.B.S.Publication _c1987 |
||
| 300 | _a558p | ||
| 520 | _aGeneral | Hard Board | ||
| 999 |
_c853927 _d853927 |
||
| 650 | _aFood Production | ||